Project management and the private finance initiative (Record no. 104037)
[ view plain ]
| 000 -LEADER | |
|---|---|
| fixed length control field | 01157cam a2200205 4500 |
| 001 - CONTROL NUMBER | |
| control field | L128917 |
| 008 - FIXED-LENGTH DATA ELEMENTS--GENERAL INFORMATION | |
| fixed length control field | 050301n2003 000 0 eng u |
| 035 ## - SYSTEM CONTROL NUMBER | |
| System control number | (Sirsi) u128917 |
| 041 ## - LANGUAGE CODE | |
| Language code of text/sound track or separate title | eng |
| 050 ## - LIBRARY OF CONGRESS CALL NUMBER | |
| Classification number | 658.404 |
| -- | 18 |
| 110 ## - MAIN ENTRY--CORPORATE NAME | |
| Corporate name or jurisdiction name as entry element | Royal Institution of Chartered Surveyors |
| Subordinate unit | Project Management Faculty |
| 9 (RLIN) | 4639 |
| 245 ## - TITLE STATEMENT | |
| Title | Project management and the private finance initiative |
| 260 ## - PUBLICATION, DISTRIBUTION, ETC. | |
| Place of publication, distribution, etc. | London |
| Name of publisher, distributor, etc. | RICS |
| Date of publication, distribution, etc. | 2003 |
| 300 ## - PHYSICAL DESCRIPTION | |
| Extent | 50p. |
| Dimensions | 30cm. |
| 520 ## - SUMMARY, ETC. | |
| Summary, etc. | RICS Project Management Faculty sponsored the College of Estate Management to research how often and to what extent faculty members were involved in the PFI process. The aim was to help increase awareness of PFI among the surveying profession, as well as develop and expand project management skills and competencies. The report is based on interviews with practitioners involved in the PFI process and an online survey of RICS Project Management faculty members. |
| 690 ## - LOCAL SUBJECT ADDED ENTRY--TOPICAL TERM (OCLC, RLIN) | |
| Topical term or geographic name as entry element | Project management |
| 9 (RLIN) | 6261 |
| 710 ## - ADDED ENTRY--CORPORATE NAME | |
| Corporate name or jurisdiction name as entry element | College of Estate Management |
| 9 (RLIN) | 400 |
| 856 ## - ELECTRONIC LOCATION AND ACCESS | |
| Uniform Resource Identifier | <a href="https://www.rics.org/RICSWEB/getpage.aspx?p=IIC6olnZ3EOGXkXQITQoJA">https://www.rics.org/RICSWEB/getpage.aspx?p=IIC6olnZ3EOGXkXQITQoJA</a> |
| Public note | View the report free of charge at www.rics.org... |
| 942 ## - ADDED ENTRY ELEMENTS (KOHA) | |
| Suppress in OPAC | 0 |
| Withdrawn status | Lost status | Source of classification or shelving scheme | Damaged status | Not for loan | Home library | Current library | Shelving location | Date acquired | Total Checkouts | Full call number | Barcode | Date last seen | Copy number | Price effective from | Koha item type |
|---|---|---|---|---|---|---|---|---|---|---|---|---|---|---|---|
| Dewey Decimal Classification | London | London | RICS Boxes | 11/12/2012 | RICS 2003/61 | 30077503 | 06/08/2019 | 1 | 06/08/2019 | Archive | |||||
| Dewey Decimal Classification | Virtual | Virtual | Online | 01/03/2005 | ONLINE PUBLICATION | 128917-2001 | 06/08/2019 | 1 | 06/08/2019 | Book |